| 000 | 00415nam a2200181Ia 4500 | ||
|---|---|---|---|
| 005 | 20250423094657.0 | ||
| 008 | 250422s9999 xx 000 0 und d | ||
| 020 | _a0- 672- 22771- 1 | ||
| 050 | _aQA 76.73 .C153 B47/ | ||
| 100 | _aBerry, John Thomas | ||
| 245 | 0 | _aC++ programming | |
| 250 | _a2nd ed. | ||
| 260 | _aIndiana | ||
| 260 | _bSams Publishing | ||
| 260 | _c1992 | ||
| 300 | _a408 p | ||
| 942 | _cBK | ||
| 999 |
_c27959 _d27959 |
||